000 00752nam a2200241Ia 4500
003 OSt
005 20220924124328.0
006 a|||||r|||| 00| 0
007 ta
008 220923b |||||||| |||| 00| 0 urd d
024 _a226398
037 _cTextual
040 _aARTS
_cARTS
_burd
041 _2urd
_aurd
082 _aO168,3N12(V2:51), 111N7
100 _aManto Saadat Hassan
_964749
245 0 _aMottled dawn
_b fifty sketches and stories of partition Translated from the urdu by Khalid Hasan
260 _aNew Delhi
_b Peguin Books
_c1997
300 _axxvii, 174p.
_ccm.
650 _aENGLISH LITERATURE
942 _hO168,3N12(V2:51), 111N7
_cTEXL
_2CC
999 _c419264
_d419264